Estudio sobre las finanzas argentinas (1947-1957) (Registro nro. 6407)

Detalles MARC
000 -LEADER
fixed length control field 00710 a2200193 4500
001 - CONTROL NUMBER
control field 58209
005 - DATE AND TIME OF LATEST TRANSACTION
control field 20260407155840.0
008 - FIXED-LENGTH DATA ELEMENTS--GENERAL INFORMATION
fixed length control field 260407a1961 arg spa d
003 - CONTROL NUMBER IDENTIFIER
control field AR-UNSa-BCEJYS
040 ## - CATALOGING SOURCE
Original cataloging agency AR-UNSa-BCEJYS
Language of cataloging spa
Transcribing agency AR-UNSa-BCEJYS
080 ## - UNIVERSAL DECIMAL CLASSIFICATION NUMBER
Universal Decimal Classification number 336.1
Common auxiliary subdivision Finanzas Públicas. Finanzas del gobierno en general<br/> <br/>
100 1# - MAIN ENTRY--PERSONAL NAME
Personal name Jarach, Dino
245 10 - TITLE STATEMENT
Title Estudio sobre las finanzas argentinas (1947-1957)
264 #1 - PRODUCTION, PUBLICATION, DISTRIBUTION, MANUFACTURE, AND COPYRIGHT NOTICE
Place of production, publication, distribution, manufacture Buenos Aires :
Name of producer, publisher, distributor, manufacturer Depalma
Date of production, publication, distribution, manufacture, or copyright notice 1961
300 ## - PHYSICAL DESCRIPTION
Extent 95 p.
Dimensions 21 cm.
505 ## - FORMATTED CONTENTS NOTE
Formatted contents note 1.PREMISAS DOCTRINALES - 2. LOS GASTOS PÚBLICOS Y SU APORTE A LA FORMACIÓN Y DISTRIBUCIÓN DE LA RENTA NACIONAL - 3. LOS INGRESOS PÚBLICOS
590 ## - LOCAL NOTE (RLIN)
Local note niveau_biblio:m niveau_hierar:0
942 ## - ADDED ENTRY ELEMENTS (KOHA)
Koha item type
Existencias
Withdrawn status Lost status Damaged status Not for loan Home library Current library Shelving location Date acquired Total checkouts Full call number Barcode Date last seen Price effective from Koha item type
        Biblioteca Prof. Eusebio Cleto del Rey Biblioteca Prof. Eusebio Cleto del Rey   07/04/2026   336.1 J37e L22753 07/04/2026 07/04/2026 Libro